Dessins animés du Club Dorothée selon leur titre japonais - Statistiques

Statistiques générales
  • Ce quiz a été pris 582 fois
  • Le résultat moyen est 7 sur 18
Statistiques - réponses
Titre original Titre français % Correct
Captain Tsubasa Olive et Tom
94%
Saint Seiya Les Chevaliers du Zodiaque
90%
City Hunter Nicky Larson
82%
Hokuto no Ken Ken le Survivant
81%
Ranma Nibun no Ichi Ranma 1/2
70%
UFO Robo Grendizer Goldorak
59%
Captain Future Capitaine Flam
54%
Attacker You! Jeanne et Serge
38%
Maison Ikkoku Juliette, Je t'aime
36%
Highschool! Kimengumi Le Collège fou, fou, fou
35%
Tetsuwan Atom Astro, le petit robot
20%
Moero! Top Striker L'École des champions
20%
Ginga Tetsudō 999 Galaxy Express 999
13%
Yoroiden Samurai Troopers Les Samouraïs de l'éternel
9%
Aishite Naito Lucile, amour et rock'n'roll
8%
Kinnikuman Muscleman
8%
Ēsu o Nerae! Jeu, set et match!
5%
Mister Ajiko Le Petit chef
5%
Aucun quiz correspondant
Distribution des résultats
% des personnes avec chaque résultat
Percentile par nombre de réponses
Votre historique - résultats
Vous n’avez pas pris ce quiz